Catálogo público

Microbiología de los Alimentos Vegetales / (Record no. 173362)

MARC details
000 -CABECERA
campo de control de longitud fija 00681nam a2200229Ia 4500
001 - NÚMERO DE CONTROL
campo de control dia_2864
003 - IDENTIFICADOR DEL NÚMERO DE CONTROL
campo de control CHAP
005 - FECHA Y HORA DE LA ÚLTIMA TRANSACCIÓN
campo de control 20230331094449.0
008 - DATOS DE LONGITUD FIJA--INFORMACIÓN GENERAL
campo de control de longitud fija 220117s xx 000 0 und d
010 ## - NÚMERO DE CONTROL DE LA BIBLIOTECA DEL CONGRESO
Número de control de LC 173362
040 ## - FUENTE DE LA CATALOGACIÓN
Centro/agencia transcriptor CHAP
082 ## - NÚMERO DE LA CLASIFICACIÓN DECIMAL DEWEY
Número de clasificación 664.8 M8Y
100 ## - ENTRADA PRINCIPAL--NOMBRE DE PERSONA
Nombre de persona Muller, Gunther
9 (RLIN) 79431
245 ## - MENCIÓN DE TÍTULO
Título Microbiología de los Alimentos Vegetales /
Mención de responsabilidad, etc. por Gunther Muller, Peter Lietz y Hans-dieter Much.
260 ## - PUBLICACIÓN, DISTRIBUCIÓN, ETC.
Lugar de publicación, distribución, etc. Zaragoza :
Nombre del editor, distribuidor, etc. Acribia,
Fecha de publicación, distribución, etc.
300 ## - DESCRIPCIÓN FÍSICA
Extensión 291 p.
600 ## - PUNTO DE ACCESO ADICIONAL DE MATERIA--NOMBRE DE PERSONA
Nombre de persona Alimentos-bacterilogía I. Lietz, Peter I.
9 (RLIN) 153630
901 ## - ELEMENTOS DE DATOS A LOCAL LDA (RLIN)
a 664.8 M8Y
902 ## - ELEMENTOS DE DATOS B LOCAL, LDB (RLIN)
a M
905 ## - ELEMENTOS DE DATOS E LOCAL, LDE (RLIN)
a 000000 0000000000 00
942 ## - ELEMENTOS DE PUNTO DE ACCESO ADICIONAL (KOHA)
Tipo de ítem Koha Libro
Fuente del sistema de clasificación o colocación Dewey Decimal Classification
Holdings
Estado de retiro Estado de pérdida Fuente del sistema de clasificación o colocación Estado dañado Restricciones de uso No para préstamo Código de colección Localización permanente Ubicación/localización actual Fecha de adquisición Fuente de adquisición Coste, precio normal de compra Número de inventario Total de préstamos Signatura topográfica completa Código de barras Fecha visto por última vez Número de copia Tipo de ítem Koha Fecha del último préstamo
    Dewey Decimal Classification   Préstamo 5 días   General Ingenieria Agroindustrial Ingenieria Agroindustrial 18/01/2022 Compra Librería Patena F. 4530 / R. (27/04/1990) 76300.00 C/e   664.8 M8Y dia_3354 18/01/2022 6 Libro  
    Dewey Decimal Classification   Préstamo interno   General Ingenieria Agroindustrial Ingenieria Agroindustrial 18/01/2022 Compra Librería Gaona F. 1681 / R. 22476 (17/04/1989) 95768.10 145628 1 664.8 M8Y dia_3079 28/04/2025 1 Libro 28/04/2025
    Dewey Decimal Classification   Préstamo 5 días   General Ingenieria Agroindustrial Ingenieria Agroindustrial 18/01/2022 Compra Librería Patena F. 4530 / R. (27/04/1990) 76300.00 C/e 1 664.8 M8Y dia_3350 02/02/2024 2 Libro 02/02/2024
    Dewey Decimal Classification   Préstamo interno   General Ingenieria Agroindustrial Ingenieria Agroindustrial 18/01/2022 Compra Librería Patena F. 4530 / R. (27/04/1990) 76300.00 C/e   664.8 M8Y dia_3351 18/01/2022 3 Libro  
    Dewey Decimal Classification   Préstamo 5 días   General Ingenieria Agroindustrial Ingenieria Agroindustrial 18/01/2022 Compra Librería Patena F. 4530 / R. (27/04/1990) 76300.00 C/e 3 664.8 M8Y dia_3352 23/08/2024 4 Libro 23/08/2024
    Dewey Decimal Classification   Préstamo 5 días   General Ingenieria Agroindustrial Ingenieria Agroindustrial 18/01/2022 Compra Librería Patena F. 4530 / R. (27/04/1990) 76300.00 C/e 1 664.8 M8Y dia_3353 23/11/2022 5 Libro 23/11/2022